Statistics for Top European Languages on a Map

Click here to take the quiz!

General Stats

  • This quiz has been taken 54,412 times
    (19,916 since last reset)
  • The average score is 31 of 38

Answers on the Map

Answers color-coded by a green-red scale on the quiz's map according to % correct below.
Loading ...
 

Answer Stats

PopLanguages% Correct
106 milRussian
99%
66 milFrench
99%
65 milItalian
99%
60 milEnglish
99%
97 milGerman
99%
38 milSpanish
99%
10 milPortuguese
98%
9.1 milSwedish
98%
11 milGreek
97%
39 milPolish
97%
21 milSerbo-Croatian
95%
22 milDutch
95%
5.4 milFinnish
95%
32 milUkrainian
94%
5.5 milDanish
94%
1.5 milRomani
94%
1.7 milLatvian
93%
1.1 milEstonian
93%
13 milHungarian
92%
3.0 milLithuanian
92%
10 milCzech
92%
4.7 milNorwegian
91%
7.8 milBulgarian
90%
5.2 milSlovak
90%
12 milTurkish
88%
2.1 milSlovene
86%
5.4 milAlbanian
86%
24 milRomanian
85%
3.3 milBelarusian
85%
1.4 milMacedonian
78%
4.0 milCatalan
75%
1.3 milSardinian
52%
1.0 milKazakh
45%
2.4 milGalician
33%
1.4 milChechen
21%
4.3 milTatar
20%
1.2 milBashkir
7%
1.1 milChuvash
7%

Score Distribution

Percentile by Number Answered

Percent of People with Each Score

Your Score History

You have not taken this quiz since the last reset